书目信息 |
| 题名: |
会计报表分析原理与方法
|
|
| 作者: | 张学谦 主编 | |
| 分册: | ||
| 出版信息: | 北京 对外经济贸易大学出版社 2005.03 |
|
| 页数: | 380页 | |
| 开本: | 26cm | |
| 丛书名: | ||
| 单 册: | ||
| 中图分类: | F231.5 | |
| 科图分类: | ||
| 主题词: | 会计报表--kuai ji bao biao--会计分析 | |
| 电子资源: | ||
| ISBN: | 7-81078-443-9 | |
| 000 | 00765nam0 2200229 450 | |
| 001 | 012006767000 | |
| 005 | 20060701095918.10 | |
| 010 | @a7-81078-443-9@dCNY41.00 | |
| 100 | @a20060611d2005 km y0chiy0120 ea | |
| 101 | 0 | @achi |
| 102 | @aCN@b110000 | |
| 105 | @ay a 000yy | |
| 200 | 1 | @a会计报表分析原理与方法@Akuai ji bao biao fen xi yuan li yu fang fa@f张学谦主编@Fzhang xue qian zhu bian |
| 210 | @a北京@c对外经济贸易大学出版社@d2005.03 | |
| 215 | @a380页@d26cm | |
| 320 | @a有书目。 | |
| 330 | @a本书以会计准则为主线,以会计分析方法为基础对会计报表进行了定性与定量的描述。 | |
| 606 | 0 | @a会计报表@Akuai ji bao biao@x会计分析 |
| 690 | @aF231.5@v4 | |
| 701 | 0 | @a张学谦@Azhang xue qian@4主编 |
| 801 | 0 | @aCN@bQSSK@c20060701 |
| 905 | @a10447@dF231.5@eZ215 | |
| 会计报表分析原理与方法/张学谦主编.-北京:对外经济贸易大学出版社,2005.03 |
| 380页;26cm |
| ISBN 7-81078-443-9:CNY41.00 |
| 本书以会计准则为主线,以会计分析方法为基础对会计报表进行了定性与定量的描述。 |
| ● |
| 相关链接 |
|
|
|
正题名:会计报表分析原理与方法
索取号:F231.5/Z215
 
预约/预借
| 序号 | 登录号 | 条形码 | 馆藏地/架位号 | 状态 | 备注 |
| 1 | 583325 | 205833259 | 社科库409/409社科库 76排1列3层/ [索取号:F231.5/Z215] | 在馆 | |
| 2 | 583326 | 205833268 | 社科二线422/409社科库 76排1列3层/ [索取号:F231.5/Z215] | 在馆 | |
| 3 | 583327 | 205833277 | 社科二线422/409社科库 76排1列3层/ [索取号:F231.5/Z215] | 在馆 |